Chancellor`s fiscal fillip for residential (Record no. 12130)
[ view plain ]
| 000 -LEADER | |
|---|---|
| fixed length control field | 00757cab a2200193 4500 |
| 001 - CONTROL NUMBER | |
| control field | ABS39684 |
| 008 - FIXED-LENGTH DATA ELEMENTS--GENERAL INFORMATION | |
| fixed length control field | 090401t1988 xxu||||| |||| 00| 0 eng d |
| 035 ## - SYSTEM CONTROL NUMBER | |
| System control number | (Sirsi) u18274 |
| 041 ## - LANGUAGE CODE | |
| Language code of text/sound track or separate title | eng |
| 100 ## - MAIN ENTRY--PERSONAL NAME | |
| Personal name | Comyn, C. |
| 245 ## - TITLE STATEMENT | |
| Title | Chancellor`s fiscal fillip for residential |
| 260 ## - PUBLICATION, DISTRIBUTION, ETC. | |
| Date of publication, distribution, etc. | 1988 |
| 350 ## - PRICE (NR) (BK AM CF MU VM SE) [OBSOLETE] | |
| Price | 0 |
| 490 ## - SERIES STATEMENT | |
| Series statement | Estates Times |
| Volume/sequential designation | (958) 19 August 1988, 10(1) |
| 520 ## - SUMMARY, ETC. | |
| Summary, etc. | Discusses the Government`s plans to stimulate the private rented sector s interest in residential property by extending the Business Expansion Scheme (BES) relief to those individuals who invest in companies which invest in such property. Looking in detail at the relevant sections of the Finance Act 1988 . |
| 690 ## - LOCAL SUBJECT ADDED ENTRY--TOPICAL TERM (OCLC, RLIN) | |
| Topical term or geographic name as entry element | TAXATION |
| 942 ## - ADDED ENTRY ELEMENTS (KOHA) | |
| Suppress in OPAC | 0 |
| 948 ## - LOCAL PROCESSING INFORMATION (OCLC); SERIES PART DESIGNATOR (RLIN) | |
| c (OCLC) | 04/03/1997 |
| Withdrawn status | Lost status | Source of classification or shelving scheme | Damaged status | Not for loan | Home library | Current library | Shelving location | Date acquired | Total Checkouts | Full call number | Barcode | Date last seen | Copy number | Price effective from | Koha item type |
|---|---|---|---|---|---|---|---|---|---|---|---|---|---|---|---|
| Dewey Decimal Classification | London | London | Journal article | 14/09/1999 | ABS39684 | 18274-1001 | 06/08/2019 | 1 | 06/08/2019 | Journal article |